000 00365nam a2200133 a 4500
005 20140414132104.0
008 100726s19uu xx 00 eng d
020 _a978-0-7097-1343-2
050 _aM 398.2
_bSp9 1993
100 _aSpurgeon, Maureen
245 _aNow I can read :
_b15 Two minute tales.
260 _aLondon :
_bBrown Watson,
_c2000.
999 _c114524
_d114524